Instructivo para la formación de Comités Ambientales / (Registro nro. 7624)

Detalles MARC
000 -LEADER
fixed length control field 01077nam a2200301 a 4500
001 - CONTROL NUMBER
control field 000031159
003 - CONTROL NUMBER IDENTIFIER
control field DO-SdBNP
005 - DATE AND TIME OF LATEST TRANSACTION
control field 20150413143652.0
007 - PHYSICAL DESCRIPTION FIXED FIELD--GENERAL INFORMATION
fixed length control field 000031159
008 - FIXED-LENGTH DATA ELEMENTS--GENERAL INFORMATION
fixed length control field 110614s2008 dr c 000 | spa d
040 ## - CATALOGING SOURCE
Original cataloging agency BPMET
Language of cataloging spa
Transcribing agency BPMET
092 ## - LOCALLY ASSIGNED DEWEY CALL NUMBER (OCLC)
Classification number xxx
Item number I598f
110 ## - MAIN ENTRY--CORPORATE NAME
Relator code Secretaria de Estado de Educación
Subordinate unit Departamento de Educación Ambiental (República Dominicana)
245 00 - TITLE STATEMENT
Title Instructivo para la formación de Comités Ambientales /
Statement of responsibility, etc. Vinicio Beltré ... [et. al.].
250 ## - EDITION STATEMENT
Edition statement 2a. ed.
260 ## - PUBLICATION, DISTRIBUTION, ETC. (IMPRINT)
Place of publication, distribution, etc. Santo Domingo :
Name of publisher, distributor, etc. Amigo del Hogar,
Date of publication, distribution, etc. 2008.
300 ## - PHYSICAL DESCRIPTION
Extent 20 p. :
Other physical details retrs. ;
Dimensions 23 cm.
700 1# - ADDED ENTRY--PERSONAL NAME
Personal name Beltré, Vinicio
700 1# - ADDED ENTRY--PERSONAL NAME
Personal name García D., Adriano E.
700 1# - ADDED ENTRY--PERSONAL NAME
Personal name Suero, Joaquín
700 1# - ADDED ENTRY--PERSONAL NAME
Personal name Genao Díaz, Lesbia María
710 1# - ADDED ENTRY--CORPORATE NAME
Corporate name or jurisdiction name as entry element Secretaría de Estado de Educación.
Subordinate unit Departamento de Educación Ambiental
930 #1 - EQUIVALENCE OR CROSS-REFERENCE-UNIFORM TITLE HEADING [LOCAL, CANADA]
Language of a work BND01
Medium of performance for music LF1
Field link and sequence number 20110617
Date of a work 01
Name of part/section of a work CT
Miscellaneous information 26049
Medium e. 3
942 ## - ADDED ENTRY ELEMENTS (KOHA)
Source of classification or shelving scheme Dewey Decimal Classification
Koha item type Libros
956 ## - LOCAL ELECTRONIC LOCATION AND ACCESS (OCLC)
Host name GREYES
Access number 10
Compression information 20110614
Logon BND01
Processor of request 0948
956 ## - LOCAL ELECTRONIC LOCATION AND ACCESS (OCLC)
Host name WMENDOZA
Access number 10
Compression information 20110616
Logon BND01
Processor of request 1552
956 ## - LOCAL ELECTRONIC LOCATION AND ACCESS (OCLC)
Host name VMATEO
Access number 10
Compression information 20150413
Logon BND01
Processor of request 00151
Existencias
Withdrawn status Lost status Source of classification or shelving scheme Damaged status Not for loan Collection code Home library Current library Date acquired Total Checkouts Barcode Date last seen Price effective from Koha item type
    Dewey Decimal Classification       Biblioteca Pública Metropolitana Salomé Ureña Biblioteca Pública Metropolitana Salomé Ureña 04/13/2015   BPMET15041245 04/13/2015 04/13/2015 Libros